1999-00 Premier League Final Table - Statistics

General Stats
  • This quiz has been taken 9 times
  • The average score is 11 of 20
Answer Stats
Position Team Won Drew Lost GF/GA GD Points % Correct
1 Manchester United 28 7 3 97/45 52 91
100%
2 Arsenal 22 7 9 73/43 30 73
86%
5 Chelsea 18 11 9 53/34 19 65
86%
3 Leeds United 21 6 11 58/43 15 69
86%
4 Liverpool 19 10 9 51/30 21 67
86%
6 Aston Villa 15 13 10 46/35 11 58
71%
13 Everton 12 14 12 59/49 10 50
57%
11 Newcastle United 14 10 14 63/54 9 52
57%
7 Sunderland 16 10 12 57/56 1 58
57%
14 Coventry City 12 8 18 47/54 -7 44
43%
8 Leicester City 16 7 15 55/55 0 55
43%
12 Middlesbrough 14 10 14 46/52 -6 52
43%
19 Sheffield Wednesday 8 7 23 38/70 -32 31
43%
15 Southampton 12 8 18 45/62 -17 44
43%
10 Tottenham Hotspur 15 8 15 57/49 8 53
43%
9 West Ham United 15 10 13 52/53 -1 55
43%
18 Wimbledon 7 12 19 46/74 -28 33
43%
17 Bradford City 9 9 20 38/68 -30 36
29%
16 Derby County 9 11 18 44/57 -13 38
29%
20 Watford 6 6 26 35/77 -42 24
29%
No matching quizzes found
Score Distribution
Percent of People with Each Score
Percentile by Number Answered
Your Score History
You have not taken this quiz